[Event "RUS-ch Eurasia Cup op"]
[Site "Ekaterinburg"]
[Date "2018.08.03"]
[Round "3"]
[White "Panjshin, Daniil"]
[Black "Logachiov, Aleksandr"]
[Result "0-1"]
[WhiteElo "1714"]
[BlackElo "2155"]
[PlyCount "100"]
[EventDate "2018.08.01"]
[EventType "swiss"]
[EventRounds "9"]
[EventCountry "RUS"]
[SourceTitle "CBM 185 Extra"]
[Source "ChessBase"]
[SourceDate "2018.07.29"]
[SourceVersion "1"]
[SourceVersionDate "2018.07.29"]
[SourceQuality "1"]

1. e4 c5 2. Nf3 Nf6 3. Nc3 Nc6 4. d4 d5 5. exd5 Nxd5 6. Bc4 Nxc3 7. bxc3 e6 8. 0-0 Be7 9. d5 exd5 10. Qxd5 Qxd5 11. Bxd5 0-0 12. Be3 Bd7 13. Rad1 Rad8 14. Rfe1 Bf5 15. Re2 Rfe8 16. Red2 h6 17. Bc4 Bxc2 18. Rxd8 Rxd8 19. Rxd8+ Nxd8 20. Ne5 Bf5 21. Bb5 f6 22. Nd3 a6 23. Bc4+ Be6 24. Bxe6+ Nxe6 25. Kf1 c4 26. Nb2 b5 27. Ke2 f5 28. f3 Kf7 29. g3 f4 30. Bf2 fxg3 31. hxg3 h5 32. Nd1 g5 33. Ne3 Kg6 34. Nd5 Bd6 35. Kd2 Kf5 36. Ne3+ Ke5 37. a4 Bc5 38. axb5 axb5 39. Ke2 Bxe3 40. Kxe3 Nc7 41. Ke2 g4 42. Ba7 Nd5 43. Bd4+ Kf5 44. Bh8 Nc7 45. Ke3 Ne6 46. fxg4+ hxg4 47. Bd4 Ng5 48. Ba7 Ne4 49. Kd4 Nxg3 50. Kc5 Ke4 0-1